| 000 | 00428nam a22001457a 4500 | ||
|---|---|---|---|
| 008 | 140606b xxu||||| |||| 00| 0 eng d | ||
| 050 | _aLB675.A77 | ||
| 100 |
_aGribble, James _910650 |
||
| 245 |
_aMatthew Anorld _cJames Gribble |
||
| 260 |
_aLondon _bCollier-Macmillan Limited _c1967 |
||
| 300 |
_a182p. ; _c22cm. |
||
| 440 |
_aEducational Thinkers _910651 |
||
| 650 |
_aEducation _xPhilosophy _910652 |
||
| 942 |
_2lcc _cMONOGRAPH |
||
| 999 |
_c120636 _d120636 |
||